"Summertime Sadness" - All Lyrics (Lana Del Rey) - Statistics

General Stats
  • This quiz has been taken 37 times
  • The average score is 249 of 304
Answer Stats
Lyrics % Correct
me
100%
before
97%
I
97%
Kiss
97%
my
97%
Su-
97%
su-
97%
Summertime
97%
summertime,
97%
summertime
97%
go
94%
go,
94%
got
94%
Got
94%
on
94%
sadness
94%
the
94%
you
94%
a
91%
baby,
91%
baby
91%
dress
91%
in
91%
just
91%
red
91%
That,
91%
that
91%
to
91%
tonight
91%
know
88%
know,
88%
best
84%
hard
84%
Oh
84%
Oh,
84%
oh,
84%
oh
84%
wanted
84%
I'm
81%
Dancin'
78%
feel
78%
God,
78%
it
78%
like
78%
Like
78%
anymore
75%
I'll
75%
moonlight
75%
Nothin'
75%
feelin'
72%
scares
72%
air
69%
are
69%
die
69%
if
69%
pale
69%
alive
66%
dark
66%
hair
66%
happy
66%
style
66%
Think
66%
up
66%
queen
63%
stars
63%
above
59%
beauty
59%
by
59%
electric
59%
forever
59%
(One,
59%
real
59%
sun
59%
three,
59%
two,
59%
everywhere
56%
four)
56%
goin'
56%
Honey,
56%
miss
56%
sizzlin'
56%
you're
56%
better
53%
fire,
53%
side
53%
snare
53%
99
50%
bad
50%
big,
50%
Done
50%
gonna
50%
morning
50%
sky
50%
than
50%
wires
50%
'bout
47%
never
47%
off,
47%
heavenly
44%
heels
44%
High
44%
Telephone
44%
down
41%
Even
41%
gone,
41%
Cruisin'
38%
drive
34%
(drive),
34%
Later's
34%
coast,
31%
No matching quizzes found
Score Distribution
Percent of People with Each Score
Percentile by Number Answered
Your Score History
You have not taken this quiz